| 000 | 00607nam a2200193Ia 4500 | ||
|---|---|---|---|
| 008 | 140529s9999 xx 000 0 und d | ||
| 020 | _a9780323045841 | ||
| 050 |
_aRD 598.67 _b.K21 2014 |
||
| 100 | _aKaufman, John A. | ||
| 245 |
_aVascular and interventional radiology : _bthe requisites / _cJohn A. Kaufman, Michael J. Lee |
||
| 250 | _a2nd ed. | ||
| 260 |
_aPhiladelphia, PA : _bElsevier/Saunders, _cc2014. |
||
| 300 |
_a597 p. : _bill. (some col.) ; _c29 cm. |
||
| 440 | _a(Requisites in radiology series). | ||
| 500 | _aIncludes index. | ||
| 521 | _aGE | ||
| 942 |
_kFOR _cBK |
||
| 999 |
_c117622 _d117622 |
||